ბათუმის შოთა რუსთაველის სახელმწიფო უნივერსიტეტის ბიბლიოთეკა

ჩანაწერი Personal Name

ჩანაწერთა რაოდენობა, რომელიც გამოყენებულია: 1

001 - CONTROL NUMBER

  • control field: 14010

003 - CONTROL NUMBER IDENTIFIER

  • control field: GE_BSU

005 - DATE AND TIME OF LATEST TRANSACTION

  • control field: 20220608123723.0

008 - FIXED-LENGTH DATA ELEMENTS

  • fixed length control field: 220608|| aca||aabn | a|a d

040 ## - CATALOGING SOURCE

  • Original cataloging agency: GE_BSU
  • Transcribing agency: GE_BSU

100 ## - HEADING--PERSONAL NAME

  • Personal name: პლატონი, 427-347 წ. ჩვ. წ

670 ## - SOURCE DATA FOUND

  • Source citation: Work cat.: (GE_BSU): პლატონი, 427-347 წ. ჩვ. წ, იონი ; დიდი ჰიპია ; მენონი :